Restoring the Jewishness of the Gospel / (Record no. 5470)

MARC details
000 -LEADER
fixed length control field 01051cam a2200301 a 4500
001 - CONTROL NUMBER
control field 1501526
003 - CONTROL NUMBER IDENTIFIER
control field OSt
005 - DATE AND TIME OF LATEST TRANSACTION
control field 20190104112255.0
008 - FIXED-LENGTH DATA ELEMENTS--GENERAL INFORMATION
fixed length control field 890203s1988 is a b 001 0 eng
010 ## - LIBRARY OF CONGRESS CONTROL NUMBER
LC control number 88190144
020 ## - INTERNATIONAL STANDARD BOOK NUMBER
International Standard Book Number 9653590014 (pbk.)
040 ## - CATALOGING SOURCE
Original cataloging agency DLC
Transcribing agency DLC
Modifying agency DLC
050 00 - LIBRARY OF CONGRESS CALL NUMBER
Classification number BS2545.J44
Item number S74 1988
082 00 - DEWEY DECIMAL CLASSIFICATION NUMBER
Classification number 225.67
Edition number 19
Item number S839R
100 1# - MAIN ENTRY--PERSONAL NAME
Personal name Stern, David H.,
Dates associated with a name 1935-
245 10 - TITLE STATEMENT
Title Restoring the Jewishness of the Gospel /
Statement of responsibility, etc. by David H. Stern.
250 ## - EDITION STATEMENT
Edition statement 1st ed.
260 ## - PUBLICATION, DISTRIBUTION, ETC.
Place of publication, distribution, etc. Jerusalem, Israel :
Name of publisher, distributor, etc. Jewish New Testament Publications ;
Place of publication, distribution, etc. Gaithersburg, MD, USA :
Name of publisher, distributor, etc. Distributed by Union of Messianic Jewish Congregations,
Date of publication, distribution, etc. c1988.
300 ## - PHYSICAL DESCRIPTION
Extent 85 p. :
Other physical details ill. ;
Dimensions 21 cm.
504 ## - BIBLIOGRAPHY, ETC. NOTE
Bibliography, etc. note Includes bibliographical references and index.
600 00 - SUBJECT ADDED ENTRY--PERSONAL NAME
Personal name Jesus Christ
General subdivision Jewishness.
650 #0 - SUBJECT ADDED ENTRY--TOPICAL TERM
Topical term or geographic name entry element Jews in the New Testament.
650 #0 - SUBJECT ADDED ENTRY--TOPICAL TERM
Topical term or geographic name entry element Christianity and other religions
General subdivision Judaism.
650 #0 - SUBJECT ADDED ENTRY--TOPICAL TERM
Topical term or geographic name entry element Judaism
General subdivision Relations
-- Christianity.
650 #0 - SUBJECT ADDED ENTRY--TOPICAL TERM
Topical term or geographic name entry element Missions to Jews.
906 ## - LOCAL DATA ELEMENT F, LDF (RLIN)
a 7
b cbc
c orignew
d 3
e ncip
f 19
g y-gencatlg
942 ## - ADDED ENTRY ELEMENTS (KOHA)
Source of classification or shelving scheme Dewey Decimal Classification
Koha item type Books
Holdings
Withdrawn status Lost status Source of classification or shelving scheme Damaged status Not for loan Collection code Home library Current library Shelving location Date acquired Cost, normal purchase price Total Checkouts Full call number Barcode Date last seen Price effective from Koha item type
    Dewey Decimal Classification     Non-fiction Harvest Mission College Harvest Mission College General Stacks 04.01.2019 350.00   225.67 S839R 006237 04.01.2019 04.01.2019 Books

OPAC Designed and Maintained by HMC Library Team.
Copyright © HMC Library,Greater Noida, UP.
For any Suggestions/Query Contact library via Email:libhmc@gmail.com